00818nam a2200205 a 450000100100000000500170001000800410002704000250006808200150009310000250010824500460013326000340017930000210021349000090023450400730024359000760031683000160039295201870040899900170059500003532520200930074247.0111027s1964 mx 000 0 spa d aDO-SdBNPbspacBNPHU axxxxaxxxx1 aBernal, J. D.96109713aLa ciencia de la ciencia /cJ. D. Bernal. aMéxico, :bGrijalbo,c1964. a361 p. ;c20 cm.1 aDina aIncluye referencias bibliográficas y notas al pie de las páginas aPerteneció a la biblioteca personal de Juan Isidro Jimenes Grullón. 0aDina961098 001050718RVaGRbGRcHDd2011-10-27iLF1l0oxxxx xxxx p35325-10r2020-06-25w2020-06-25y1zPerteneció a la biblioteca personal de Juan Isidro Jimenes Grullón.ZNo se presta c34816d34816